000
00206nam a2200097Ia 4500
008
190216s9999||||xx |||||||||||||| ||und||
100
_a
Thaha Hussain
245
0
_a
Hala Hamish Serah
260
_b
Null
942
_c
BK
999
_c
89
_d
89